[Event "Benedictine op 5th"]
[Site "Manchester"]
[Date "1982.09.12"]
[Round "5"]
[White "Behrhorst, Frank"]
[Black "Miles, Anthony J"]
[Result "0-1"]
[WhiteElo "2250"]
[BlackElo "2565"]
[PlyCount "46"]
[EventDate "1982.09.08"]
[EventType "swiss"]
[EventRounds "9"]
[EventCountry "ENG"]
[SourceTitle "BCM-1982-11 & Bull"]

1. d4 Nc6 2. d5 Ne5 3. f4 Ng6 4. Nf3 e6 5. dxe6 fxe6 6. e4 Bc5 7. Bd3 d6 8. Nc3
e5 9. f5 Nf4 10. g3 Nxd3+ 11. Qxd3 Bd7 12. Qc4 Bb6 13. Ng5 Nh6 14. Nxh7 Nf7 15.
Bg5 Nxg5 16. f6 Nf3+ 17. Kd1 gxf6 18. Nd5 Rxh7 19. Nxb6 d5 20. Nxd5 Be6 21. Kc1
Bxd5 22. exd5 f5 23. d6 Qg5+ {Source: Bulletin 1982 & BCM, Nov 1982, p486} 0-1

[Event "Benedictine op 5th"]
[Site "Manchester"]
[Date "1982.09.13"]
[Round "6"]
[White "Horner, Jeff"]
[Black "Forintos, Gyozo V"]
[Result "1-0"]
[WhiteElo "2360"]
[BlackElo "2410"]
[PlyCount "95"]
[EventDate "1982.09.08"]
[EventType "swiss"]
[EventRounds "9"]
[EventCountry "ENG"]
[SourceTitle "Bulletin 1982"]

1. e4 c5 2. Nf3 b6 3. Nc3 Bb7 4. d4 cxd4 5. Nxd4 Nc6 6. Be3 Nf6 7. Be2 e6 8.
O-O Bb4 9. Ndb5 O-O 10. a3 Be7 11. Nd6 Qb8 12. Nxb7 Qxb7 13. f4 d6 14. Bd3 Nd7
15. Qf3 Nc5 16. Bc4 Bf6 17. Nb5 Rad8 18. Rad1 Na5 19. Ba2 Bxb2 20. Nxd6 Qc6 21.
e5 Qxf3 22. gxf3 Bxa3 23. f5 a6 24. Kg2 g6 25. Bh6 Rb8 26. Bxf8 Kxf8 27. fxe6
fxe6 28. Ne4 Nab7 29. Nf6 Ke7 30. f4 b5 31. Rf3 Bb4 32. c3 Ba5 33. Rh3 h5 34.
Rg3 Rh8 35. Rxg6 Kf7 36. Rg3 h4 37. Rf3 Ke7 38. Kh3 Nd8 39. f5 Nf7 40. Re3 exf5
41. Rg1 Na4 42. Rg7 Rf8 43. Rd3 Nc5 44. Rd5 Bb6 45. Rd6 Bc7 46. Nd5+ Ke8 47.
Nxc7+ Ke7 48. Nd5+ {Source: Bulletin 1982} 1-0

[Event "Benedictine op 5th"]
[Site "Manchester"]
[Date "1982.09.13"]
[Round "6"]
[White "Kudrin, Sergey"]
[Black "Miles, Anthony J"]
[Result "1-0"]
[WhiteElo "2480"]
[BlackElo "2565"]
[PlyCount "87"]
[EventDate "1982.09.08"]
[EventType "swiss"]
[EventRounds "9"]
[EventCountry "ENG"]
[SourceTitle "Bulletin 1982"]

1. e4 c5 2. Nf3 e6 3. d4 cxd4 4. Nxd4 a6 5. Nc3 Qc7 6. g3 Bb4 7. Bd2 Nc6 8.
Nxc6 dxc6 9. Qg4 Bf8 10. f4 Nf6 11. Qf3 e5 12. f5 b5 13. g4 Bb7 14. g5 Nd7 15.
Nd1 O-O-O 16. Nf2 Kb8 17. Be2 h6 18. h4 c5 19. c4 b4 20. O-O-O Ka8 21. Ng4 Qc6
22. Bd3 Nb8 23. Nxe5 Qc7 24. Ng4 Nc6 25. Bf4 Bd6 26. Bxd6 Rxd6 27. f6 gxf6 28.
gxf6 Rhd8 29. Bb1 Nd4 30. Qf2 b3 31. Rhe1 bxa2 32. Bxa2 Qa5 33. Kb1 Nf3 34.
Qxf3 Rd3 35. Qe2 Rd2 36. Rxd2 Rxd2 37. Qe3 Qb4 38. Bb3 Ka7 39. Qc3 Qxc3 40.
bxc3 h5 41. Ne5 Rf2 42. Nxf7 Rf3 43. Nd6 Rxc3 44. Bc2 {Source: Bulletin 1982}
1-0

[Event "Benedictine op 5th"]
[Site "Manchester"]
[Date "1982.09.13"]
[Round "6"]
[White "Parameswaran, Tiruchi N"]
[Black "Shipman, Walter"]
[Result "1-0"]
[WhiteElo "2390"]
[BlackElo "2345"]
[PlyCount "86"]
[EventDate "1982.09.08"]
[EventType "swiss"]
[EventRounds "9"]
[EventCountry "ENG"]
[SourceTitle "Bulletin 1982"]

1. d4 d5 2. Nf3 Nf6 3. Bg5 e6 4. e3 Nbd7 5. c4 Bb4+ 6. Nc3 c5 7. cxd5 exd5 8.
Bd3 Qa5 9. Qc2 c4 10. Bf5 g6 11. Bxd7+ Nxd7 12. Bh6 Nb6 13. e4 Be6 14. Ng5 dxe4
15. Nxe6 fxe6 16. O-O Bxc3 17. bxc3 Qf5 18. Rae1 O-O-O 19. Rxe4 Rhe8 20. Qe2
Rd5 21. Re1 Kd7 22. g4 Qf6 23. Rf4 Qe7 24. Qf3 Qa3 25. Rf7+ Kc6 26. Rxh7 Nd7
27. Bg5 b5 28. h4 Qd6 29. Qf7 Qf8 30. Qxg6 Rd6 31. Rf7 Qh8 32. Re7 Rg8 33. Qe4+
Kb6 34. Rh7 Qxh7 35. Qxh7 Rc8 36. Bf4 Rd5 37. Rxe6+ Ka5 38. Qe4 Nb6 39. Rxb6
axb6 40. Qxd5 Re8 41. Qb7 b4 42. Bc7 Re1+ 43. Kg2 Re6 {Source: Bulletin 1982}
1-0

[Event "Benedictine op 5th"]
[Site "Manchester"]
[Date "1982.09.13"]
[Round "6"]
[White "Upton, Timothy J"]
[Black "Levacic, Damir"]
[Result "1-0"]
[WhiteElo "2295"]
[BlackElo "2255"]
[PlyCount "83"]
[EventDate "1982.09.08"]
[EventType "swiss"]
[EventRounds "9"]
[EventCountry "ENG"]
[SourceTitle "Bulletin 1982"]

1. e4 c5 2. Nf3 Nc6 3. d4 cxd4 4. Nxd4 Nf6 5. Nc3 d6 6. Be2 g6 7. O-O Bg7 8.
Nb3 O-O 9. Bg5 Be6 10. Kh1 Na5 11. f4 Rc8 12. Bd3 Nc4 13. Bxc4 Bxc4 14. Re1 h6
15. Bh4 e5 16. f5 g5 17. Bf2 b6 18. Nd2 Ba6 19. Qf3 Bb7 20. Rad1 a6 21. Nf1 b5
22. a3 Qd7 23. Ng3 Rc4 24. Qd3 Rc6 25. Re2 Rfc8 26. Red2 h5 27. Nd5 h4 28.
Nxf6+ Bxf6 29. Nh5 Be7 30. Qe2 Kh8 31. f6 Bf8 32. Ng7 g4 33. Nf5 Rc4 34. Qxg4
Bxe4 35. Qxh4+ Kg8 36. Qg4+ Kh7 37. Qh3+ Kg8 38. Ne7+ Bxe7 39. Qxd7 Bxf6 40.
Rxd6 Kg7 41. c3 Rg8 42. Bg3 {Source: Bulletin 1982} 1-0

[Event "Benedictine op 5th"]
[Site "Manchester"]
[Date "1982.09.13"]
[Round "6"]
[White "Smith, Alan A"]
[Black "Motwani, Paul"]
[Result "1-0"]
[WhiteElo "2245"]
[BlackElo "2255"]
[PlyCount "81"]
[EventDate "1982.09.08"]
[EventType "swiss"]
[EventRounds "9"]
[EventCountry "ENG"]
[SourceTitle "Bulletin 1982"]

1. e4 g6 2. d4 Bg7 3. c4 d6 4. Nc3 e5 5. Nf3 Nd7 6. Be2 Ngf6 7. O-O O-O 8. Be3
exd4 9. Nxd4 c6 10. Nc2 Qe7 11. f3 Rd8 12. Qe1 d5 13. exd5 cxd5 14. cxd5 Nb6
15. d6 Qxd6 16. Nb5 Qe7 17. Qf2 Nfd5 18. Bc5 Qg5 19. Rad1 Be6 20. h4 Qf4 21. g3
Qa4 22. Ncd4 Rac8 23. a3 Bh3 24. b3 Bxd4 25. Bxd4 Qxb3 26. Rb1 Qa4 27. Rfe1 Bf5
28. Rbc1 a6 29. Rxc8 Nxc8 30. Nc3 Nxc3 31. Bxc3 Qxa3 32. Qe3 Qe7 33. Qc1 Qc7
34. Kg2 Re8 35. Bc4 Rxe1 36. Qxe1 Qe7 37. Qd2 Be6 38. Qd4 f6 39. Bb4 Nd6 40.
Bxd6 Qe8 41. Qe4 {Source: Bulletin 1982} 1-0

[Event "Benedictine op 5th"]
[Site "Manchester"]
[Date "1982.09.13"]
[Round "6"]
[White "Jackson, Oliver A"]
[Black "Whitehead, Clare E"]
[Result "1-0"]
[WhiteElo "2220"]
[BlackElo "1955"]
[PlyCount "77"]
[EventDate "1982.09.08"]
[EventType "swiss"]
[EventRounds "9"]
[EventCountry "ENG"]
[SourceTitle "Bulletin 1982"]

1. e4 d6 2. d4 Nf6 3. Nc3 g6 4. Bg5 Bg7 5. Qd2 h6 6. Bf4 g5 7. Bg3 Nh5 8. Nge2
Nd7 9. f4 c5 10. O-O-O cxd4 11. Nxd4 Nxg3 12. hxg3 Nc5 13. Bb5+ Bd7 14. Nf5 Bf8
15. fxg5 Bxb5 16. Nxb5 Qd7 17. Qb4 a6 18. Nc3 e6 19. Qd4 Rg8 20. gxh6 e5 21.
Qc4 Qe6 22. Nd5 Rc8 23. Qe2 Nd7 24. h7 Rh8 25. Qg4 Qg6 26. Qh4 f6 27. Qh3 Rc6
28. Kb1 Nc5 29. Nh4 Qg5 30. Qf5 Kf7 31. Qxg5 fxg5 32. Rdf1+ Kg7 33. Nf5+ Kg6
34. Nde7+ Bxe7 35. Nxe7+ Kg7 36. Nf5+ Kg6 37. Rh6+ Kf7 38. Nh4+ Kg7 39. Rg6+ {
Source: Bulletin 1982} 1-0

[Event "Benedictine op 5th"]
[Site "Manchester"]
[Date "1982.09.13"]
[Round "6"]
[White "Popovych, Orest"]
[Black "McNab, Colin Anderson"]
[Result "1-0"]
[WhiteElo "2305"]
[BlackElo "2360"]
[PlyCount "73"]
[EventDate "1982.09.08"]
[EventType "swiss"]
[EventRounds "9"]
[EventCountry "ENG"]
[SourceTitle "Bulletin 1982"]

1. e4 g6 2. d4 d6 3. Nc3 Bg7 4. f4 Nc6 5. Be3 Nf6 6. Nf3 O-O 7. Be2 e6 8. Qd2
Ne7 9. h3 b6 10. O-O-O Bb7 11. Bd3 b5 12. e5 b4 13. Ne2 Nfd5 14. Bf2 Qd7 15. h4
a5 16. h5 Qa4 17. Kb1 Rfb8 18. Ka1 Ba6 19. hxg6 hxg6 20. Rh3 Bxd3 21. Qxd3 Rb6
22. Ng5 Rc6 23. b3 Qa3 24. Rdh1 Rc3 25. Qd1 Rxh3 26. Rxh3 Nc3 27. Nxc3 bxc3 28.
Rxc3 Nd5 29. Rc4 a4 30. Qb1 dxe5 31. dxe5 Nxf4 32. Bc5 Bxe5+ 33. c3 axb3 34.
Bxa3 Rxa3 35. Qh1 Rxa2+ 36. Kb1 Kf8 37. Qh7 {Source: Bulletin 1982} 1-0

[Event "Benedictine op 5th"]
[Site "Manchester"]
[Date "1982.09.13"]
[Round "6"]
[White "Muir, Andrew Joseph"]
[Black "Short, Nigel David"]
[Result "0-1"]
[WhiteElo "2225"]
[BlackElo "2485"]
[PlyCount "68"]
[EventDate "1982.09.08"]
[EventType "swiss"]
[EventRounds "9"]
[EventCountry "ENG"]
[SourceTitle "Bulletin 1982"]

1. d4 e6 2. c4 b6 3. e4 Bb7 4. Bd3 Bb4+ 5. Bd2 Bxd2+ 6. Qxd2 f5 7. Nc3 Nh6 8.
O-O-O O-O 9. f4 b5 10. cxb5 a6 11. e5 axb5 12. Bxb5 d5 13. exd6 cxd6 14. Nf3
Na6 15. Qe2 Nc7 16. Bc4 Bxf3 17. Qxf3 d5 18. Bb3 Ng4 19. Rd2 Qd6 20. g3 Rfb8
21. Re1 Kh8 22. Ree2 Nf6 23. Qd3 Na6 24. Qe3 Ne4 25. Nxe4 fxe4 26. Kd1 Nb4 27.
a3 Qa6 28. Bc2 Nc6 29. Bb1 Qc4 30. b4 Nxb4 31. axb4 Ra1 32. Rb2 Rxb4 33. Qc1
Qxd4+ 34. Qd2 Rxb1+ {Source: Bulletin 1982} 0-1

[Event "Benedictine op 5th"]
[Site "Manchester"]
[Date "1982.09.13"]
[Round "6"]
[White "Ravikumar, Vaidyanathan"]
[Black "King, Daniel J"]
[Result "0-1"]
[WhiteElo "2395"]
[BlackElo "2430"]
[PlyCount "48"]
[EventDate "1982.09.08"]
[EventType "swiss"]
[EventRounds "9"]
[EventCountry "ENG"]
[SourceTitle "Bulletin 1982"]

1. d4 Nf6 2. c4 g6 3. Nc3 d5 4. Nf3 Bg7 5. e3 O-O 6. b4 b6 7. Bb2 c5 8. bxc5
bxc5 9. dxc5 Qa5 10. Rc1 Na6 11. cxd5 Nxc5 12. Be2 Rd8 13. O-O Bb7 14. Qc2 Rac8
15. Bc4 Nfd7 16. d6 e6 17. Rfd1 Nb6 18. Bf1 Bxf3 19. gxf3 Nca4 20. d7 Rc7 21.
Rd4 Bxd4 22. exd4 Nxb2 23. Qxb2 Na4 24. Nxa4 Qg5+ {Source: Bulletin 1982} 0-1

[Event "Benedictine op 5th"]
[Site "Manchester"]
[Date "1982.09.13"]
[Round "6"]
[White "Leverett, Bruce W"]
[Black "Flear, Glenn C"]
[Result "0-1"]
[WhiteElo "2310"]
[BlackElo "2365"]
[PlyCount "40"]
[EventDate "1982.09.08"]
[EventType "swiss"]
[EventRounds "9"]
[EventCountry "ENG"]
[SourceTitle "Bulletin 1982"]

1. d4 d5 2. c4 e6 3. Nc3 c6 4. Bf4 dxc4 5. e3 b5 6. a4 b4 7. Nb1 Ba6 8. Nf3 Nf6
9. Be2 Be7 10. O-O O-O 11. Ne5 c5 12. dxc5 Bxc5 13. Qc2 Nd5 14. Bf3 Nd7 15. Rd1
Nxe5 16. Bxe5 Qg5 17. Bd4 Rac8 18. Nd2 Bxd4 19. exd4 b3 20. Qe4 c3 {Source:
Bulletin 1982} 0-1

[Event "Benedictine op 5th"]
[Site "Manchester"]
[Date "1982.09.13"]
[Round "6"]
[White "Pytel, Krzysztof"]
[Black "Berg, Klaus"]
[Result "1-0"]
[WhiteElo "2405"]
[BlackElo "2335"]
[PlyCount "33"]
[EventDate "1982.09.08"]
[EventType "swiss"]
[EventRounds "9"]
[EventCountry "ENG"]
[SourceTitle "StarBase 2.74"]
[Source "Pickard & Son"]
[SourceDate "2001.12.15"]
[SourceVersion "1"]
[SourceVersionDate "2001.12.15"]
[SourceQuality "2"]

1. d4 Nf6 2. Nf3 g6 3. c4 Bg7 4. Nc3 d6 5. e4 O-O 6. Be2 e5 7. O-O Nbd7 8. Re1
c6 9. Bf1 Ng4 10. d5 c5 11. a3 h6 12. g3 Kh8 13. Nh4 Ngf6 14. Bd2 Ng8 15. Qc2
h5 16. b4 Bh6 17. Nb5 {etc (Source: StarBase 2.74)} 1-0

[Event "Benedictine op 5th"]
[Site "Manchester"]
[Date "1982.09.14"]
[Round "7"]
[White "Short, Nigel David"]
[Black "Popovych, Orest"]
[Result "1-0"]
[WhiteElo "2485"]
[BlackElo "2305"]
[PlyCount "89"]
[EventDate "1982.09.08"]
[EventType "swiss"]
[EventRounds "9"]
[EventCountry "ENG"]
[SourceTitle "Bulletin 1982"]

1. e4 c5 2. Nf3 Nc6 3. d4 cxd4 4. Nxd4 e6 5. Nc3 a6 6. g3 Qc7 7. Bg2 Nf6 8. O-O
Be7 9. a4 O-O 10. Re1 Nxd4 11. Qxd4 Bc5 12. Qd1 d6 13. Be3 e5 14. a5 Be6 15.
Bxc5 Qxc5 16. Na4 Qxa5 17. Qxd6 Rad8 18. Qc5 Qxc5 19. Nxc5 Bc8 20. Bf1 Rd6 21.
Nd3 Re8 22. f3 Nd7 23. Kf2 f6 24. Ke3 b5 25. Red1 Rd8 26. Nb4 Nc5 27. Rxd6 Rxd6
28. Bxb5 axb5 29. Ra8 Ne6 30. Rxc8+ Kf7 31. Nd5 Ra6 32. Rb8 Ra1 33. Rxb5 Rh1
34. Rb7+ Kf8 35. h4 Rh3 36. b4 Rxg3 37. Kf2 Rh3 38. Kg2 Rxh4 39. b5 f5 40. exf5
Nf4+ 41. Nxf4 Rxf4 42. b6 Rb4 43. c4 Ke8 44. c5 Rc4 45. Rxg7 {Source: Bulletin
1982} 1-0

[Event "Benedictine op 5th"]
[Site "Manchester"]
[Date "1982.09.14"]
[Round "7"]
[White "King, Daniel J"]
[Black "Pein, Malcolm"]
[Result "0-1"]
[WhiteElo "2430"]
[BlackElo "2245"]
[PlyCount "84"]
[EventDate "1982.09.08"]
[EventType "swiss"]
[EventRounds "9"]
[EventCountry "ENG"]
[SourceTitle "Bulletin 1982"]

1. e4 d6 2. d4 Nf6 3. Nc3 g6 4. Nf3 Bg7 5. h3 O-O 6. Be3 Nc6 7. d5 Nb8 8. a4 a5
9. Be2 c6 10. O-O Bd7 11. Nd2 Na6 12. Nc4 Nc5 13. dxc6 Bxc6 14. e5 Nfe4 15.
Nxe4 Nxe4 16. Bb6 Qb8 17. exd6 Nxd6 18. Nxa5 Nc8 19. Nxc6 bxc6 20. Bc5 Qxb2 21.
Qd3 Ra5 22. Qc4 Nd6 23. Bxd6 exd6 24. Qxc6 Rc5 25. Qxd6 Rxc2 26. Rab1 Qa2 27.
Bd3 Rd2 28. Bc4 Qc2 29. Qb4 Rfd8 30. Bb3 Qf5 31. Rbc1 Be5 32. Rc5 Qf6 33. Rc4
Bd6 34. Qc3 Be5 35. Qc1 Bb2 36. Qe1 Qb6 37. Ba2 Bf6 38. Rc8 Rxa2 39. Rc4 Qe6
40. Qe4 Bg7 41. Rfc1 Ra1 42. Rxa1 Bxa1 {Source: Bulletin 1982} 0-1

[Event "Benedictine op 5th"]
[Site "Manchester"]
[Date "1982.09.14"]
[Round "7"]
[White "Kudrin, Sergey"]
[Black "Horner, Jeff"]
[Result "1-0"]
[WhiteElo "2480"]
[BlackElo "2360"]
[PlyCount "83"]
[EventDate "1982.09.08"]
[EventType "swiss"]
[EventRounds "9"]
[EventCountry "ENG"]
[SourceTitle "Bulletin 1982"]

1. e4 e5 2. Nf3 Nc6 3. Bc4 Bc5 4. c3 Qe7 5. O-O d6 6. d3 Nf6 7. Nbd2 Be6 8. b4
Bb6 9. Bb3 Bxb3 10. Qxb3 Nd8 11. d4 c6 12. b5 O-O 13. Ba3 c5 14. dxe5 dxe5 15.
Rfe1 Bc7 16. Nc4 Ne6 17. g3 Rad8 18. Ne3 Rd3 19. Qc4 Qd7 20. Rad1 Rd8 21. Nd5
Rxf3 22. Nxf6+ gxf6 23. Rxd7 Rxd7 24. Bc1 Rfd3 25. Bh6 Bb6 26. Re3 Rd1+ 27. Kg2
Bd8 28. Qe2 Be7 29. Qg4+ Kh8 30. Rf3 Rd8 31. Qh5 Kg8 32. Re3 Bf8 33. Qg4+ Kh8
34. Qh4 Be7 35. Qh5 Kg8 36. f4 Bf8 37. Qg4+ Kh8 38. Bxf8 exf4 39. Be7 R1d2+ 40.
Re2 f3+ 41. Qxf3 Kg8 42. Qg4+ {Source: Bulletin 1982} 1-0

[Event "Benedictine op 5th"]
[Site "Manchester"]
[Date "1982.09.14"]
[Round "7"]
[White "McNab, Colin Anderson"]
[Black "Parameswaran, Tiruchi N"]
[Result "0-1"]
[WhiteElo "2360"]
[BlackElo "2390"]
[PlyCount "80"]
[EventDate "1982.09.08"]
[EventType "swiss"]
[EventRounds "9"]
[EventCountry "ENG"]
[SourceTitle "Bulletin 1982"]

1. c4 c5 2. Nf3 b6 3. g3 Bb7 4. Bg2 Nf6 5. d3 e6 6. e4 d6 7. O-O Be7 8. Nc3 O-O
9. Re1 a6 10. h3 Qc7 11. b3 Rd8 12. Nh2 Nc6 13. f4 Nd4 14. Ne2 Nxe2+ 15. Qxe2
b5 16. g4 bxc4 17. bxc4 Rab8 18. g5 Ne8 19. Ng4 Bf8 20. Ne3 g6 21. Bb2 Bc6 22.
Ng4 Rb7 23. Bc3 Rdb8 24. Rf1 Bg7 25. Bxg7 Kxg7 26. Qe1 h5 27. gxh6+ Kh7 28. Rf2
Qe7 29. Kh2 Rb2 30. Rxb2 Rxb2 31. Qc3 Re2 32. Kh1 f5 33. Bf3 Qh4 34. Bxe2 Qxh3+
35. Nh2 Bxe4+ 36. dxe4 Qxc3 37. Rb1 Qc2 38. Rb7+ Kxh6 39. Bf3 Nf6 40. exf5 exf5
{Source: Bulletin 1982} 0-1

[Event "Benedictine op 5th"]
[Site "Manchester"]
[Date "1982.09.14"]
[Round "7"]
[White "Sznapik, Aleksander"]
[Black "Thipsay, Praveen Mahadeo"]
[Result "0-1"]
[WhiteElo "2480"]
[BlackElo "2430"]
[PlyCount "76"]
[EventDate "1982.09.08"]
[EventType "swiss"]
[EventRounds "9"]
[EventCountry "ENG"]
[SourceTitle "Bulletin 1982"]

1. e4 e5 2. Nf3 Nc6 3. Bb5 a6 4. Ba4 Nf6 5. O-O Nxe4 6. d4 b5 7. Bb3 d5 8. dxe5
Be6 9. Nbd2 Nc5 10. c3 d4 11. Bxe6 Nxe6 12. cxd4 Ncxd4 13. a4 Be7 14. Nxd4 Nxd4
15. Ne4 O-O 16. axb5 Nxb5 17. Be3 Qc8 18. f4 Qe6 19. Qf3 Rad8 20. Nc5 Bxc5 21.
Bxc5 Rfe8 22. b4 Nd4 23. Qb7 Nb3 24. Rad1 Rc8 25. Qd5 a5 26. bxa5 Nxa5 27. Be3
Nc4 28. Qxe6 Rxe6 29. Bf2 Nb6 30. Rd3 f6 31. exf6 Rxf6 32. Rc1 Rd6 33. Rb3 Nd5
34. g3 Re8 35. Rd3 Nxf4 36. Rxd6 Ne2+ 37. Kg2 cxd6 38. Rc2 Re4 {Source:
Bulletin 1982} 0-1

[Event "Benedictine op 5th"]
[Site "Manchester"]
[Date "1982.09.14"]
[Round "7"]
[White "Forintos, Gyozo V"]
[Black "Smith, Alan A"]
[Result "1-0"]
[WhiteElo "2410"]
[BlackElo "2245"]
[PlyCount "71"]
[EventDate "1982.09.08"]
[EventType "swiss"]
[EventRounds "9"]
[EventCountry "ENG"]
[SourceTitle "Bulletin 1982"]

1. d4 b5 2. e4 Bb7 3. e5 e6 4. Nf3 a6 5. a4 b4 6. Bg5 Be7 7. Be3 Nh6 8. Bxh6
gxh6 9. Qd2 Bf8 10. Bd3 Rg8 11. Qf4 Rxg2 12. Nbd2 d5 13. Nf1 Rg8 14. Ng3 Nd7
15. Nh5 Qe7 16. Bxh7 Rh8 17. Bd3 O-O-O 18. Rg1 Kb8 19. a5 Rc8 20. Kf1 Qe8 21.
Ng7 Qd8 22. Nh5 Qe8 23. Nf6 Qe7 24. Rg8 Rxg8 25. Nxg8 Qe8 26. Nxh6 Bxh6 27.
Qxh6 c5 28. c3 Ka7 29. Qg7 Rc7 30. h4 cxd4 31. cxd4 Qc8 32. Qh6 Qd8 33. Ng5 Nb8
34. h5 Nc6 35. Nf3 Qg8 36. Qf4 {Source: Bulletin 1982} 1-0

[Event "Benedictine op 5th"]
[Site "Manchester"]
[Date "1982.09.14"]
[Round "7"]
[White "Miles, Anthony J"]
[Black "Upton, Timothy J"]
[Result "1-0"]
[WhiteElo "2565"]
[BlackElo "2295"]
[PlyCount "69"]
[EventDate "1982.09.08"]
[EventType "swiss"]
[EventRounds "9"]
[EventCountry "ENG"]
[SourceTitle "Bulletin 1982"]

1. d4 d5 2. c4 e6 3. Nc3 Be7 4. cxd5 exd5 5. Bf4 c6 6. e3 Bf5 7. g4 Be6 8. Bd3
Nf6 9. g5 Ne4 10. h4 Qa5 11. Qb3 b5 12. Nf3 Nd7 13. O-O O-O 14. Qc2 f5 15. gxf6
Ndxf6 16. Ng5 Nxg5 17. hxg5 Nh5 18. Bxh7+ Kh8 19. Be5 Bxg5 20. f4 Bh6 21. Rf2
Nf6 22. Rh2 Nxh7 23. Qg6 Rf6 24. Bxf6 Nxf6 25. Rxh6+ Kg8 26. Kg2 Qb4 27. Rah1
Kf8 28. Kg3 Re8 29. Rh8+ Bg8 30. Kf3 Qxb2 31. Rg1 Re7 32. Nd1 Qxa2 33. Qxf6+
gxf6 34. Rhxg8+ Kf7 35. f5 {Source: Bulletin 1982} 1-0

[Event "Benedictine op 5th"]
[Site "Manchester"]
[Date "1982.09.14"]
[Round "7"]
[White "Hartoch, Robert"]
[Black "Jackson, Oliver A"]
[Result "1-0"]
[WhiteElo "2390"]
[BlackElo "2220"]
[PlyCount "55"]
[EventDate "1982.09.08"]
[EventType "swiss"]
[EventRounds "9"]
[EventCountry "ENG"]
[SourceTitle "Bulletin 1982"]

1. e4 c5 2. f4 g6 3. Nc3 Bg7 4. Nf3 e6 5. g3 Nc6 6. Bg2 d6 7. d3 f5 8. O-O Nf6
9. Kh1 O-O 10. Be3 Bd7 11. Bg1 Rb8 12. Qd2 b5 13. e5 b4 14. Nd1 dxe5 15. fxe5
Ng4 16. Bxc5 Re8 17. Bd6 Rb5 18. c4 bxc3 19. Nxc3 Ncxe5 20. Nxe5 Nxe5 21. Nxb5
Bxb5 22. Bxe5 Bxe5 23. a4 Ba6 24. Ra3 Qd4 25. b4 Bc4 26. Qc2 Qb2 27. Qxc4 Qxa3
28. Qb5 {Source: Bulletin 1982} 1-0

[Event "Benedictine op 5th"]
[Site "Manchester"]
[Date "1982.09.14"]
[Round "7"]
[White "Hebden, Mark L"]
[Black "Muir, Andrew Joseph"]
[Result "1-0"]
[WhiteElo "2415"]
[BlackElo "2225"]
[PlyCount "51"]
[EventDate "1982.09.08"]
[EventType "swiss"]
[EventRounds "9"]
[EventCountry "ENG"]
[SourceTitle "Bulletin 1982"]

1. e4 c5 2. f4 e6 3. Nf3 Nf6 4. Nc3 Nc6 5. Bb5 Be7 6. Bxc6 dxc6 7. O-O O-O 8.
d3 Qc7 9. Kh1 a5 10. a4 Rb8 11. Ng5 b5 12. f5 b4 13. Ne2 exf5 14. exf5 Bd6 15.
b3 Re8 16. Bb2 Ng4 17. Ng3 Bxg3 18. Qxg4 Be5 19. Rae1 Ba6 20. Bxe5 Rxe5 21. Qh5
h6 22. Rxe5 Qxe5 23. Qxf7+ Kh8 24. Ne6 Rg8 25. f6 g5 26. Nf8 {Source: Bulletin
1982} 1-0

[Event "Benedictine op 5th"]
[Site "Manchester"]
[Date "1982.09.14"]
[Round "7"]
[White "Kosten, Anthony C"]
[Black "Banks, S Thomas"]
[Result "1-0"]
[WhiteElo "2340"]
[BlackElo "2220"]
[PlyCount "52"]
[EventDate "1982.09.08"]
[EventType "swiss"]
[EventRounds "9"]
[EventCountry "ENG"]
[SourceTitle "Bulletin 1982"]

1. e4 d6 2. d4 Nf6 3. Nc3 g6 4. Be2 Bg7 5. Nf3 c6 6. O-O O-O 7. Re1 Qc7 8. e5
dxe5 9. Nxe5 Nbd7 10. Bf4 Nxe5 11. dxe5 Nd5 12. Nxd5 cxd5 13. Bf3 e6 14. Qd2
Re8 15. h4 Qb6 16. c3 Bd7 17. h5 Bc6 18. Be3 Qc7 19. Bd4 b5 20. g3 Rab8 21. Kg2
a5 22. a3 Bf8 23. b3 Rbd8 24. Rh1 f5 25. exf6 e5 26. hxg6 hxg6 {Source:
Bulletin 1982} 1-0

[Event "Benedictine op 5th"]
[Site "Manchester"]
[Date "1982.09.14"]
[Round "7"]
[White "Grooten, Herman"]
[Black "Tisdall, Jonathan D"]
[Result "1-0"]
[WhiteElo "2305"]
[BlackElo "2435"]
[PlyCount "49"]
[EventDate "1982.09.08"]
[EventType "swiss"]
[EventRounds "9"]
[EventCountry "ENG"]
[SourceTitle "Bulletin 1982"]

1. d4 Nf6 2. c4 e6 3. Nf3 c5 4. d5 exd5 5. cxd5 d6 6. Nc3 g6 7. e4 Bg7 8. Nd2
O-O 9. Be2 Na6 10. O-O Nc7 11. a4 Nd7 12. f4 b6 13. Nc4 Nf6 14. e5 dxe5 15. d6
Ne6 16. fxe5 Nd7 17. Bf3 Ba6 18. Nb5 Rc8 19. Re1 Nd4 20. Bd5 Kh8 21. Bf4 Bxb5
22. axb5 Nxb5 23. Qg4 a5 24. Bg5 Qe8 25. e6 {Source: Bulletin 1982} 1-0

[Event "Benedictine op 5th"]
[Site "Manchester"]
[Date "1982.09.14"]
[Round "7"]
[White "Casa, Alex"]
[Black "Hanreck, Alan E"]
[Result "0-1"]
[WhiteElo "2230"]
[BlackElo "2290"]
[PlyCount "44"]
[EventDate "1982.09.08"]
[EventType "swiss"]
[EventRounds "9"]
[EventCountry "ENG"]
[SourceTitle "Bulletin 1982"]

1. e4 c5 2. Nf3 d6 3. d4 cxd4 4. Nxd4 Nf6 5. Nc3 a6 6. Bg5 e6 7. f4 Be7 8. Qf3
Qc7 9. O-O-O Nbd7 10. g4 b5 11. Bxf6 gxf6 12. f5 Ne5 13. Qh3 O-O 14. Rg1 Kh8
15. Qh6 Rg8 16. h3 Bd7 17. Nce2 Rac8 18. Nf4 Bf8 19. Qh4 Nf3 20. Qf2 Nxd4 21.
Rxd4 Bh6 22. g5 Rxg5 {Source: Bulletin 1982} 0-1

[Event "Benedictine op 5th"]
[Site "Manchester"]
[Date "1982.09.15"]
[Round "8"]
[White "Van Mil, Johannes A J"]
[Black "Filipowicz, Andrzej"]
[Result "1/2-1/2"]
[WhiteElo "2315"]
[BlackElo "2395"]
[PlyCount "127"]
[EventDate "1982.09.08"]
[EventType "swiss"]
[EventRounds "9"]
[EventCountry "ENG"]
[SourceTitle "Bulletin 1982"]

1. e4 c5 2. Nf3 g6 3. d4 Bg7 4. d5 d6 5. Be2 Nf6 6. Nc3 O-O 7. O-O Na6 8. h3
Nc7 9. a4 a6 10. Bg5 h6 11. Be3 Rb8 12. a5 b5 13. axb6 Rxb6 14. Qc1 Kh7 15. Nd2
Rb8 16. Bd3 Ng8 17. Nc4 f5 18. f3 Bd7 19. Qd2 Qe8 20. Rae1 Qf7 21. Bf4 Rb4 22.
Nd1 Kh8 23. c3 Rbb8 24. g4 g5 25. Bg3 f4 26. Bf2 Bb5 27. Na5 Ba4 28. Bc4 Be5
29. b3 Bb5 30. Nb2 Qg7 31. Rc1 Nf6 32. Bxb5 Rxb5 33. Nbc4 Nd7 34. Be1 Bf6 35.
Rf2 Na8 36. Rh2 Nab6 37. Qc2 Nxc4 38. Nxc4 Rfb8 39. b4 Rc8 40. Qa4 cxb4 41.
cxb4 Ne5 42. Qxa6 Rbb8 43. Kg2 Ra8 44. Nxe5 Rxa6 45. Rxc8+ Kh7 46. Nc6 e6 47.
Kf1 Qd7 48. Rb8 exd5 49. exd5 Ra3 50. Rf2 Qf7 51. Rb5 Kg6 52. Kg2 Re3 53. Rf1
Rd3 54. Bf2 Bc3 55. Rc1 Qe8 56. Rc2 Rd2 57. Rxd2 Bxd2 58. Kf1 Be3 59. Be1 Qh8
60. Ne7+ Kh7 61. Nf5 Qb2 62. Rb7+ Kg8 63. Rb8+ Kf7 64. Rb7+ {Source: Bulletin
1982} 1/2-1/2